<?xml version="1.0" encoding="UTF-8"?>
<record
    xmlns:xsi="http://www.w3.org/2001/XMLSchema-instance"
    xsi:schemaLocation="http://www.loc.gov/MARC21/slim http://www.loc.gov/standards/marcxml/schema/MARC21slim.xsd"
    xmlns="http://www.loc.gov/MARC21/slim">

  <leader>00748ngm a2200241 u 4500</leader>
  <controlfield tag="001">608323</controlfield>
  <controlfield tag="005">20260506090134.0</controlfield>
  <controlfield tag="007">vf|||</controlfield>
  <controlfield tag="008">000715s                            spa  </controlfield>
  <datafield tag="035" ind1=" " ind2=" ">
    <subfield code="a">608323</subfield>
  </datafield>
  <datafield tag="040" ind1=" " ind2=" ">
    <subfield code="c">comduadb</subfield>
  </datafield>
  <datafield tag="041" ind1=" " ind2=" ">
    <subfield code="a">spa</subfield>
  </datafield>
  <datafield tag="080" ind1=" " ind2=" ">
    <subfield code="a">V</subfield>
  </datafield>
  <datafield tag="100" ind1="1" ind2="0">
    <subfield code="a">Look Rivas, Ann Marie</subfield>
    <subfield code="4">drt</subfield>
    <subfield code="e">drt</subfield>
    <subfield code="9">284255</subfield>
  </datafield>
  <datafield tag="245" ind1="1" ind2="3">
    <subfield code="a">El fotografo Nereo</subfield>
  </datafield>
  <datafield tag="260" ind1=" " ind2=" ">
    <subfield code="a">Bogot&#xE1; :</subfield>
    <subfield code="b">Audiovisuales,</subfield>
    <subfield code="c">{s.f.}.</subfield>
  </datafield>
  <datafield tag="300" ind1=" " ind2=" ">
    <subfield code="a">1 videocasete (28 min.) : son., col. ; 1/2 plg.</subfield>
    <subfield code="3">VHS</subfield>
  </datafield>
  <datafield tag="490" ind1="0" ind2=" ">
    <subfield code="a">Un dia en la vida de</subfield>
  </datafield>
  <datafield tag="520" ind1="3" ind2=" ">
    <subfield code="a">Resumen: muestra el trabajo del fotografo cartagenero Nereo, qien lleva 40 anos en esa profesion.</subfield>
  </datafield>
  <datafield tag="650" ind1=" " ind2="7">
    <subfield code="a">Fot&#xF3;grafos colombianos</subfield>
    <subfield code="2">lemb</subfield>
    <subfield code="9">4304</subfield>
  </datafield>
  <datafield tag="700" ind1="1" ind2="0">
    <subfield code="a">Carrizosa, Diego</subfield>
    <subfield code="4">drt</subfield>
    <subfield code="e">drt</subfield>
    <subfield code="9">300821</subfield>
  </datafield>
  <datafield tag="942" ind1=" " ind2=" ">
    <subfield code="c">BOOK</subfield>
  </datafield>
  <datafield tag="999" ind1=" " ind2=" ">
    <subfield code="c">182103</subfield>
    <subfield code="d">182103</subfield>
  </datafield>
  <datafield tag="952" ind1=" " ind2=" ">
    <subfield code="0">0</subfield>
    <subfield code="1">0</subfield>
    <subfield code="4">0</subfield>
    <subfield code="7">0</subfield>
    <subfield code="8">AUDIOBC</subfield>
    <subfield code="a">BC</subfield>
    <subfield code="b">BC</subfield>
    <subfield code="d">2000-07-15</subfield>
    <subfield code="i">C642709</subfield>
    <subfield code="l">0</subfield>
    <subfield code="o">V-03238 e2</subfield>
    <subfield code="p">61000003749609</subfield>
    <subfield code="r">2023-04-23 00:00:00</subfield>
    <subfield code="t">2</subfield>
    <subfield code="w">2023-04-23</subfield>
    <subfield code="y">CINTA</subfield>
  </datafield>
</record>
